[Event "12. Longericher Sommer-Open B"]
[Site "Köln"]
[Date "2015.08.02"]
[Round "5.25"]
[White "Jakob, Gudrun"]
[Black "Reiter, Ute"]
[Result "1-0"]
[WhiteElo "1095"]
[BlackElo "1057"]
[PlyCount "101"]
[EventDate "2015.??.??"]
[WhiteTeam "Klub Kölner SF"]
[BlackTeam "Brühler SK"]

1. d4 d5 2. c4 c6 3. Nc3 Nf6 4. Bg5 Nbd7 5. Nf3 h6 6. Bf4 e6 7. e3 Be7 8. Bd3
dxc4 9. Bxc4 b5 10. Bd3 Bb7 11. e4 a6 12. e5 Nd5 13. Nxd5 cxd5 14. O-O g5 15.
Bd2 g4 16. Ne1 h5 17. g3 Nf8 18. Ng2 Ng6 19. f4 h4 20. f5 exf5 21. Bxf5 Rg8 22.
Bxg4 hxg3 23. h3 Bc8 24. e6 Bxe6 25. Bxe6 Nh8 26. Qh5 Rf8 27. Bh6 Qb6 28. Rad1
Qxe6 29. Bxf8 Kd7 30. Bxe7 Qxe7 31. Qf5+ Qe6 32. Qf4 Qxh3 33. Qf5+ Qxf5 34.
Rxf5 Ke6 35. Re5+ Kd6 36. Rg5 Rc8 37. Rxg3 Rc2 38. Rb1 Rd2 39. Rg4 f5 40. Rf4
Ke6 41. Re1+ Kf6 42. Nh4 Kg5 43. Ref1 Rxb2 44. Nxf5 Re2 45. Nd6 Ng6 46. Rf5+
Kg4 47. Rxd5 Nf4 48. Re5 Nh3+ 49. Kh1 Rxa2 50. Re4+ Kg3 51. Nf5# 1-0

[Event "12. Longericher Sommer-Open B"]
[Site "Köln"]
[Date "2015.08.02"]
[Round "5.26"]
[White "Breuer, Achim"]
[Black "Hirsch, Reinhard"]
[Result "1-0"]
[WhiteElo "1467"]
[BlackElo "995"]
[PlyCount "85"]
[EventDate "2015.??.??"]
[WhiteTeam "SV Bayer Dormagen"]
[BlackTeam "SK Köln-Worringen"]

1. d4 Nf6 2. c4 d6 3. Nc3 g6 4. e4 Bg7 5. f4 Nbd7 6. Nf3 O-O 7. Be2 b6 8. O-O
c5 9. d5 Rb8 10. e5 dxe5 11. fxe5 Ne8 12. e6 fxe6 13. dxe6 Nd6 14. exd7 Bxd7
15. Bg5 h6 16. Bh4 Nf5 17. Qd5+ Rf7 18. Ne5 Bxe5 19. Rxf5 Bd4+ 20. Kh1 Bxf5 21.
Qf3 Qf8 22. Nd5 e6 23. g4 exd5 24. gxf5 Rxf5 25. Qg2 g5 26. Bd3 Rf4 27. Bxg5
hxg5 28. Qxg5+ Bg7 29. Qxd5+ Qf7 30. Qd6 Rf8 31. Rg1 Kh8 32. b3 Qf6 33. Qc7 Qf7
34. Qc6 Rf6 35. Qg2 Rg8 36. Be4 Qe7 37. Bg6 Rxg6 38. Qxg6 Qf6 39. Qg4 Qc6+ 40.
Rg2 Qh6 41. Rg3 Qc6+ 42. Rg2 Qa8 43. Qh4+ 1-0

[Event "12. Longericher Sommer-Open B"]
[Site "Köln"]
[Date "2015.08.02"]
[Round "5.27"]
[White "Yu, Moyi"]
[Black "Molitor, Simon"]
[Result "0-1"]
[WhiteElo "1015"]
[BlackElo "882"]
[PlyCount "108"]
[EventDate "2015.??.??"]
[WhiteTeam "Klub Kölner SF"]
[BlackTeam "SF Esch"]

1. e4 c5 2. c4 Nc6 3. Nc3 e6 4. Nf3 Nf6 5. d3 d5 6. exd5 exd5 7. cxd5 Nxd5 8.
Nxd5 Qxd5 9. h3 Bd6 10. Be2 O-O 11. O-O Bf5 12. Be3 Nb4 13. d4 Rad8 14. dxc5
Bxc5 15. Qxd5 Rxd5 16. Bxc5 Rxc5 17. Nd4 Bd3 18. Bxd3 Nxd3 19. Rab1 Rfc8 20.
Nb3 Rc2 21. Nd4 Rxb2 22. Rxb2 Nxb2 23. Nb5 a6 24. Nd6 Rc7 25. Re1 h6 26. Ne8
Rd7 27. Rb1 Rd1+ 28. Rxd1 Nxd1 29. Kh2 Nc3 30. a3 Kf8 31. Nd6 b5 32. g4 g5 33.
Nf5 Nb1 34. Nxh6 Nxa3 35. Nf5 b4 36. Nd4 a5 37. Nb3 Nc4 38. Nc5 Nd2 39. Na4 b3
40. Nb2 Ne4 41. f3 Nc5 42. Nc4 a4 43. Kg3 Nd3 44. Na3 b2 45. Nb1 Ne5 46. Na3
Nc4 47. Nxc4 b1=Q 48. Nd2 Qb8+ 49. Kg2 a3 50. Ne4 Qf4 51. Nc3 Qd2+ 52. Kg3 Qxc3
53. h4 Qe1+ 54. Kh3 Qxh4+ 0-1